Basic IELTS writing
Salvato in:
| Autore principale: | |
|---|---|
| Natura: | Libro |
| Lingua: | Undetermined |
| Pubblicazione: |
Tp. Hồ Chí Minh
Tổng hợp Tp. Hồ Chí Minh
2011
|
| Soggetti: | |
| Tags: |
Aggiungi Tag
Nessun Tag, puoi essere il primo ad aggiungerne! !
|
| Thư viện lưu trữ: | Trung tâm Học liệu Trường Đại học Cần Thơ |
|---|
| LEADER | 00705nam a2200217Ia 4500 | ||
|---|---|---|---|
| 001 | CTU_180863 | ||
| 008 | 210402s9999 xx 000 0 und d | ||
| 020 | |c 118000 | ||
| 082 | |a 428.0076 | ||
| 082 | |b X300 | ||
| 100 | |a Wang, Yue Xi | ||
| 245 | 0 | |a Basic IELTS writing | |
| 245 | 0 | |c Chủ biên Wang Yue Xi; Nguyễn Thành Yến (chuyển ngữ phần chú giải) | |
| 260 | |a Tp. Hồ Chí Minh | ||
| 260 | |b Tổng hợp Tp. Hồ Chí Minh | ||
| 260 | |c 2011 | ||
| 650 | |a English language,Hướng dẫn học thi tiếng Anh | ||
| 650 | |x Study guides | ||
| 650 | |y Examinations | ||
| 910 | |a Nguyên | ||
| 980 | |a Trung tâm Học liệu Trường Đại học Cần Thơ | ||